[Event "Open ASR"]
[Site "Roma ITA"]
[Date "2011.09.15"]
[Round "1"]
[White "Bolla, Vittorio"]
[Black "Dorascenzi, Angelo"]
[Result "1/2-1/2"]
[WhiteElo "1761"]
[BlackElo "1428"]
[PlyCount "58"]
[EventDate "2011.09.15"]

1. e4 e5 2. Nf3 Nc6 3. Bb5 a6 4. Ba4 b5 5. Bb3 Nf6 6. O-O Be7 7. Re1 O-O 8. c3
Bc5 9. d4 exd4 10. cxd4 Bb6 11. e5 Ng4 12. h3 Nh6 13. Bxh6 gxh6 14. d5 Ne7 15.
Nc3 d6 16. Kh1 Bxf2 17. Re2 Bg3 18. Qd2 Nf5 19. Bc2 Kg7 20. Rf1 Nh4 21. Re4
Nxf3 22. Rxf3 Bxe5 23. Qd3 f5 24. Rg4+ Kh8 25. Ne2 Qe7 26. Nd4 h5 27. Nc6 Qf7
28. Nxe5 dxe5 29. Rgg3 b4 1/2-1/2

[Event "Open ASR"]
[Site "Roma ITA"]
[Date "2011.09.15"]
[Round "1"]
[White "Fargnoli, Maurizio"]
[Black "Quimi, Marco"]
[Result "0-1"]
[WhiteElo "1660"]
[BlackElo "2188"]
[PlyCount "37"]
[EventDate "2011.09.15"]

1. e4 e5 2. Nf3 d6 3. d4 Nf6 4. Bg5 Nbd7 5. Nc3 c6 6. Be2 Be7 7. O-O O-O 8. Qd2
Qc7 9. Rad1 b5 10. Bd3 Bb7 11. Ne2 Rfe8 12. Ng3 Bf8 13. Nf5 exd4 14. N3xd4 c5
15. Qe3 a6 16. Nh6+ gxh6 17. Bxf6 Nxf6 18. Qg3+ Kh8 19. c4 0-1

[Event "Open ASR"]
[Site "Roma ITA"]
[Date "2011.09.15"]
[Round "1"]
[White "Federici, Giacomo"]
[Black "Di Dario, Dario"]
[Result "0-1"]
[WhiteElo "1236"]
[BlackElo "1713"]
[PlyCount "60"]
[EventDate "2011.09.15"]

1. d4 f5 2. Bf4 Nf6 3. Nc3 e6 4. h3 Bb4 5. a3 Bxc3+ 6. bxc3 b6 7. e3 Bb7 8. f3
Nd5 9. Ne2 Ba6 10. Qd2 Bxe2 11. Bxe2 Nxf4 12. exf4 Qh4+ 13. Kf1 O-O 14. Qe3 Nc6
15. Bc4 Rae8 16. Bb5 Nb8 17. Kg1 c6 18. Bc4 d5 19. Bd3 Nd7 20. Re1 Qf6 21. Kh2
Kh8 22. g4 fxg4 23. hxg4 h6 24. g5 Qxf4+ 25. Qxf4 Rxf4 26. Kg3 Rff8 27. Re3 Rf7
28. Rh4 Kg8 29. gxh6 gxh6 30. Rxh6 Rh7 0-1

[Event "Open ASR"]
[Site "Roma ITA"]
[Date "2011.09.15"]
[Round "1"]
[White "Lami, Damiano"]
[Black "Cannavo', Giuseppe"]
[Result "1-0"]
[WhiteElo "1716"]
[BlackElo "1248"]
[PlyCount "71"]
[EventDate "2011.09.15"]

1. e4 e5 2. Nf3 d6 3. d4 Bg4 4. dxe5 Bxf3 5. gxf3 Qe7 6. exd6 cxd6 7. Bc4 Nf6
8. Nc3 Qc7 9. Bb3 Nbd7 10. Be3 Qd8 11. Nd5 Be7 12. Nxe7 Qxe7 13. Bf4 Ne5 14.
Ba4+ Nfd7 15. Bxd7+ Qxd7 16. Bxe5 dxe5 17. Qxd7+ Kxd7 18. O-O-O+ Ke7 19. Rd5 f6
20. Rhd1 Rhd8 21. Rxd8 Rxd8 22. Rxd8 Kxd8 23. Kd2 Kc7 24. c4 Kc6 25. b4 b6 26.
Ke3 g5 27. Ke2 h6 28. Kf1 h5 29. Kg2 a6 30. a3 a5 31. Kf1 axb4 32. axb4 g4 33.
fxg4 hxg4 34. Kg2 b5 35. c5 Kb7 36. Kg3 1-0

[Event "Open ASR"]
[Site "Roma ITA"]
[Date "2011.09.15"]
[Round "1"]
[White "Milani, Patrizia"]
[Black "Ricci, Stefano"]
[Result "0-1"]
[WhiteElo "1434"]
[BlackElo "1792"]
[PlyCount "38"]
[EventDate "2011.09.15"]

1. c4 f5 2. Nf3 Nf6 3. Nc3 e6 4. d4 c6 5. Bd2 d5 6. e3 Bd6 7. Rc1 O-O 8. Be2
Bd7 9. O-O Be8 10. cxd5 cxd5 11. Ng5 Bd7 12. Bb5 Bxh2+ 13. Kh1 Ne4 14. Ncxe4
Bxb5 15. Qh5 h6 16. Nxe6 Qe8 17. Nxf8 Qxh5 18. g4 fxg4 19. Kg2 Qh3+ 0-1

[Event "Open ASR"]
[Site "Roma ITA"]
[Date "2011.09.15"]
[Round "1"]
[White "Piatto, Maurizio"]
[Black "Elia, Alessio"]
[Result "0-1"]
[WhiteElo "1522"]
[BlackElo "1894"]
[PlyCount "86"]
[EventDate "2011.09.15"]

1. e4 d6 2. Nf3 Nf6 3. Nc3 g6 4. Be2 Bg7 5. d3 O-O 6. Bg5 c5 7. Qd2 Nc6 8. O-O
a6 9. Rfe1 b5 10. Bh6 b4 11. Bxg7 bxc3 12. Qxc3 Kxg7 13. h3 Qa5 14. Qxa5 Nxa5
15. e5 Nd7 16. exd6 exd6 17. Bd1 Nc6 18. Kf1 Nde5 19. Nd2 f5 20. Nc4 Nxc4 21.
dxc4 Bd7 22. Bf3 Rae8 23. c3 Rxe1+ 24. Rxe1 Re8 25. Rd1 Re6 26. Bd5 Rf6 27. Rc1
Kf8 28. Ke2 Ne7 29. Kd3 Nxd5 30. cxd5 Rf7 31. a3 Re7 32. Rd1 Ba4 33. Rd2 Bb3
34. c4 Re4 35. f3 Bxc4+ 36. Kc3 Re2 37. Rxe2 Bxe2 38. b4 cxb4+ 39. Kxb4 f4 40.
Ka5 Bf1 41. a4 Bxg2 42. Kb6 Bxf3 43. Kc6 Ke7 0-1

[Event "Open ASR"]
[Site "Roma ITA"]
[Date "2011.09.15"]
[Round "1"]
[White "Sinibaldi, Francesco"]
[Black "Pardo, Paolo"]
[Result "0-1"]
[WhiteElo "1413"]
[BlackElo "1748"]
[PlyCount "41"]
[EventDate "2011.09.15"]

1. c4 Nf6 2. Nc3 c5 3. g3 d5 4. cxd5 Nxd5 5. Bg2 e6 6. a3 Be7 7. e3 O-O 8. Nge2
b6 9. O-O Bb7 10. e4 Nxc3 11. Nxc3 Qd3 12. Qe2 Rd8 13. f4 Nc6 14. Qxd3 Rxd3 15.
Nd1 Nd4 16. Kh1 Nb3 17. Nf2 Rd4 18. d3 Nxa1 19. Be3 Nc2 20. Bxd4 Nxd4 21. Nd1
0-1

[Event "Open ASR"]
[Site "Roma ITA"]
[Date "2011.09.15"]
[Round "1"]
[White "Tosi, Francesco"]
[Black "Marelli, Emanuele"]
[Result "1-0"]
[WhiteElo "1910"]
[BlackElo "1554"]
[PlyCount "42"]
[EventDate "2011.09.15"]

1. d4 Nf6 2. Bg5 e6 3. e3 g6 4. Bd3 c6 5. Nd2 d5 6. Ngf3 Bg7 7. h4 Qb6 8. Rb1
Ne4 9. h5 h6 10. hxg6 hxg5 11. gxf7+ Kf8 12. Rxh8+ Bxh8 13. Nxg5 Nf6 14. Ndf3
Ne4 15. Nh7+ Kxf7 16. Nfg5+ Nxg5 17. Qh5+ Ke7 18. Nxg5 Qd8 19. Qh7+ Kf6 20.
Qf7+ Kxg5 21. Qg6+ Kh4 1-0

[Event "Open ASR"]
[Site "Roma ITA"]
[Date "2011.09.15"]
[Round "1"]
[White "Vuelban, Virgilio"]
[Black "Valenti, Marco"]
[Result "1-0"]
[WhiteElo "2353"]
[BlackElo "1685"]
[PlyCount "67"]
[EventDate "2011.09.15"]

1. e4 e5 2. Nf3 Nc6 3. d4 exd4 4. Nxd4 Nf6 5. Nxc6 bxc6 6. e5 Nd5 7. c4 Nb6 8.
Bd3 Bb4+ 9. Nd2 d5 10. exd6 cxd6 11. O-O O-O 12. a3 Bxd2 13. Bxd2 Be6 14. Rc1
Nd7 15. Qh5 f5 16. Rfe1 Nf6 17. Qh3 Qd7 18. Rxe6 Qxe6 19. Bxf5 Qe7 20. g4 g6
21. Re1 Qxe1+ 22. Bxe1 gxf5 23. gxf5 Kf7 24. Bc3 Rg8+ 25. Kf1 Rae8 26. Qh4 Ne4
27. Qxh7+ Kf8 28. Qxa7 Nxc3 29. bxc3 Re7 30. Qb8+ Kf7 31. Qxd6 Rge8 32. Qg6+
Kf8 33. Qxc6 Kg7 34. f6+ 1-0

[Event "Open ASR"]
[Site "Roma ITA"]
[Date "2011.09.15"]
[Round "1"]
[White "Wollenweber, Carsten"]
[Black "Sacco, Davide"]
[Result "1-0"]
[WhiteElo "2112"]
[BlackElo "1641"]
[PlyCount "63"]
[EventDate "2011.09.15"]

1. e4 c5 2. Nf3 d6 3. d4 cxd4 4. Nxd4 Nf6 5. Nc3 a6 6. Bg5 e6 7. f4 Be7 8. Qf3
Qc7 9. O-O-O Nbd7 10. g4 b5 11. Bxf6 Nxf6 12. g5 Nd7 13. f5 Nc5 14. f6 gxf6 15.
gxf6 Bf8 16. Rg1 b4 17. Nd5 Qa5 18. Rg7 h5 19. Nc6 Qxa2 20. Nc7+ Kd7 21. Nxb4
Qa1+ 22. Kd2 Qxd1+ 23. Kxd1 Kxc7 24. Rxf7+ Bd7 25. Qa3 a5 26. Na6+ Rxa6 27.
Bxa6 Kb6 28. Bb7 Bc6 29. b4 Nxb7 30. bxa5+ Ka7 31. a6 Kb8 32. axb7 1-0

[Event "Open ASR"]
[Site "Roma ITA"]
[Date "2011.09.15"]
[Round "1"]
[White "Zarfati, Daniele"]
[Black "Prudenzano, Ruggero"]
[Result "1/2-1/2"]
[WhiteElo "1577"]
[BlackElo "1927"]
[PlyCount "103"]
[EventDate "2011.09.15"]

1. d4 Nf6 2. Nc3 c5 3. d5 e6 4. Bg5 Qb6 5. b3 Qb4 6. Bxf6 gxf6 7. Qd2 d6 8. Nf3
Na6 9. e4 Bh6 10. Qd3 Ke7 11. Be2 e5 12. O-O Rg8 13. Nh4 Bd7 14. Nd1 Qa5 15. c3
Bg5 16. Nf5+ Bxf5 17. exf5 Nc7 18. Ne3 b5 19. Bf3 Bxe3 20. fxe3 Rg5 21. g3 Rag8
22. Rf2 h5 23. e4 h4 24. g4 b4 25. c4 Qb6 26. h3 a5 27. Kg2 Na6 28. Bd1 Nb8 29.
Kh2 Nd7 30. Qe3 Qa6 31. Rb2 Nb6 32. Qf2 Rh8 33. Be2 a4 34. Bd1 Rgg8 35. Qe2 a3
36. Rd2 Nd7 37. Qe3 Nf8 38. Rg2 Nh7 39. Be2 Qa8 40. Rag1 Ng5 41. Bf3 Qf8 42.
Qe2 Qh6 43. Rf1 Nh7 44. Qd2 Rg5 45. Rfg1 Nf8 46. Bd1 Nd7 47. Bc2 Qf8 48. Bd1
Qc8 49. Qd3 Nf8 50. Bf3 Nh7 51. Rf1 Rgg8 52. Qe3 1/2-1/2

[Event "Open ASR"]
[Site "Roma ITA"]
[Date "2011.09.16"]
[Round "2"]
[White "Cannavo', Giuseppe"]
[Black "Piatto, Maurizio"]
[Result "0-1"]
[WhiteElo "1248"]
[BlackElo "1522"]
[PlyCount "64"]
[EventDate "2011.09.15"]

1. e4 e5 2. Nf3 Nc6 3. d3 Nf6 4. Nc3 Bc5 5. Be3 Qe7 6. h3 O-O 7. Be2 a6 8. a3
Nd4 9. Qd2 d6 10. O-O Be6 11. Rab1 c6 12. b4 Ba7 13. a4 Rfc8 14. Rfc1 Qc7 15.
Rb2 c5 16. b5 a5 17. Na2 Bb6 18. c3 Nb3 19. Qc2 Nxc1 20. Nxc1 c4 21. Qd2 Bxe3
22. Qxe3 cxd3 23. Bxd3 Bc4 24. Rd2 Bxd3 25. Nxd3 Qxc3 26. Kh2 Rc4 27. Qe2 Nxe4
28. Rc2 Qxc2 29. Qxc2 Rxc2 30. Kg1 Ra2 31. Nde1 Rxa4 32. g3 Nc3 0-1

[Event "Open ASR"]
[Site "Roma ITA"]
[Date "2011.09.16"]
[Round "2"]
[White "Condemi De Felice, Alfonso"]
[Black "Vuelban, Virgilio"]
[Result "0-1"]
[WhiteElo "1878"]
[BlackElo "2353"]
[PlyCount "40"]
[EventDate "2011.09.15"]

1. Nf3 Nf6 2. g3 c5 3. Bg2 Nc6 4. O-O d5 5. d4 cxd4 6. Nxd4 e5 7. Nxc6 bxc6 8.
c4 Be6 9. cxd5 cxd5 10. Bg5 Qd7 11. Nc3 Rd8 12. Qa4 Be7 13. Qxd7+ Rxd7 14. Rfd1
d4 15. Bxf6 gxf6 16. Nb1 O-O 17. Nd2 Rc7 18. Rac1 Rfc8 19. Nb3 Rc2 20. Rxc2
Rxc2 0-1

[Event "Open ASR"]
[Site "Roma ITA"]
[Date "2011.09.16"]
[Round "2"]
[White "Di Dario, Dario"]
[Black "Dietrich, Stefano"]
[Result "0-1"]
[WhiteElo "1713"]
[BlackElo "1880"]
[PlyCount "104"]
[EventDate "2011.09.15"]

1. d4 Nf6 2. Nf3 c5 3. e3 g6 4. Nbd2 b6 5. Bd3 Bg7 6. c3 d5 7. O-O O-O 8. e4
cxd4 9. cxd4 dxe4 10. Nxe4 Nd5 11. Bd2 Bb7 12. Rc1 Nc6 13. Be3 Rc8 14. Qd2 Nxe3
15. fxe3 Bh6 16. Neg5 e6 17. h4 Qe7 18. a3 Rcd8 19. Bc4 Na5 20. Ba2 Bd5 21.
Bxd5 exd5 22. Rc3 f6 23. Nh3 Nc4 24. Qe2 Rde8 25. e4 Qxe4 26. Qxe4 Rxe4 27. Kh1
Nxb2 28. Rc7 a5 29. Rd7 Nc4 30. Rb1 Rfe8 31. Rxd5 R4e6 32. a4 Nd2 33. Nxd2 Bxd2
34. Rd7 Re1+ 35. Rxe1 Bxe1 36. Kh2 Bxh4 37. d5 f5 38. Nf4 Rd8 39. Rb7 Rd6 40.
Ne6 Rxd5 41. Rg7+ Kh8 42. Rf7 h5 43. Rg7 Bf6 44. Rxg6 Be5+ 45. Kh3 Bd6 46. Rh6+
Kg8 47. Rxh5 Kf7 48. Ng5+ Kf6 49. Nf3 Kg7 50. Rg5+ Kf6 51. Rh5 Ke7 52. Rh7+ Ke6
0-1

[Event "Open ASR"]
[Site "Roma ITA"]
[Date "2011.09.16"]
[Round "2"]
[White "Dorascenzi, Angelo"]
[Black "Andreozzi, Paolo"]
[Result "0-1"]
[WhiteElo "1428"]
[BlackElo "1720"]
[PlyCount "102"]
[EventDate "2011.09.15"]

1. e4 c5 2. Nf3 e6 3. c3 Qc7 4. d4 cxd4 5. cxd4 d6 6. Be2 Nf6 7. Nc3 a6 8. O-O
Be7 9. Bf4 O-O 10. Rc1 Qd7 11. h3 b5 12. a3 Bb7 13. Re1 Nc6 14. Qd2 Rad8 15.
Rcd1 d5 16. b4 dxe4 17. Ne5 Nxe5 18. dxe5 Qxd2 19. Bxd2 Nd5 20. Nxe4 Nxb4 21.
Bxb4 Bxb4 22. axb4 Bxe4 23. Rd6 Rxd6 24. exd6 Bd5 25. Bf3 Bxf3 26. gxf3 Rd8 27.
Rc1 Kf8 28. Rc6 Ra8 29. d7 Rd8 30. Rxa6 Rxd7 31. Rb6 Rd5 32. Rb7 g5 33. Kg2 Kg7
34. Kg3 Kg6 35. Rb8 h5 36. Rg8+ Kf5 37. h4 gxh4+ 38. Kxh4 Rd4+ 39. Kxh5 Rxb4
40. Rg7 f6 41. Rb7 Rb1 42. Kh4 Kf4 43. Kh5 e5 44. Rb6 f5 45. Kg6 b4 46. Rf6
Rg1+ 47. Kf7 b3 48. Ke6 Rg5 49. Rh6 e4 50. fxe4 Kxe4 51. f3+ Kxf3 0-1

[Event "Open ASR"]
[Site "Roma ITA"]
[Date "2011.09.16"]
[Round "2"]
[White "Elia, Alessio"]
[Black "Lami, Damiano"]
[Result "1/2-1/2"]
[WhiteElo "1894"]
[BlackElo "1716"]
[PlyCount "119"]
[EventDate "2011.09.15"]

1. d4 Nf6 2. Nf3 e6 3. e3 d5 4. Bd3 Bd6 5. Nbd2 Nbd7 6. O-O O-O 7. e4 dxe4 8.
Nxe4 Nxe4 9. Bxe4 Nf6 10. Bd3 b6 11. Bg5 Bb7 12. Ne5 Be7 13. c3 Nd5 14. Bxe7
Qxe7 15. Bc2 Nf4 16. Nf3 Nxg2 17. Qd3 f5 18. Kxg2 Qg5+ 19. Kh1 Qf4 20. Bd1 g5
21. Qe3 Qxe3 22. fxe3 g4 23. Kg1 Bxf3 24. Bxf3 gxf3 25. Rxf3 Rf6 26. Rg3+ Rg6
27. Kf2 Kf7 28. Rag1 Rag8 29. Kf3 Kf6 30. e4 fxe4+ 31. Kxe4 Rxg3 32. hxg3 Rg4+
33. Kf3 h5 34. Re1 Rg5 35. Re4 Rd5 36. a3 Rb5 37. b4 Rf5+ 38. Ke3 b5 39. Rh4
Rg5 40. Kf3 Ke7 41. Kf4 Rf5+ 42. Ke4 a6 43. Rf4 Rxf4+ 44. Kxf4 Kf6 45. g4 h4
46. g5+ Kg6 47. Kg4 h3 48. Kxh3 Kxg5 49. Kg3 Kf5 50. Kf3 e5 51. dxe5 Kxe5 52.
Ke3 Kd5 53. Kd3 c6 54. Kd2 c5 55. Kd3 c4+ 56. Ke3 Ke5 57. Kf3 Kf5 58. Ke3 Kg4
59. Ke4 Kg3 60. Ke3 1/2-1/2

[Event "Open ASR"]
[Site "Roma ITA"]
[Date "2011.09.16"]
[Round "2"]
[White "Marelli, Emanuele"]
[Black "Milani, Patrizia"]
[Result "1/2-1/2"]
[WhiteElo "1554"]
[BlackElo "1434"]
[PlyCount "74"]
[EventDate "2011.09.15"]

1. e4 e6 2. d4 d5 3. Nc3 c6 4. Nf3 Nd7 5. e5 c5 6. Bb5 Qc7 7. Be3 a6 8. Bxd7+
Bxd7 9. a4 c4 10. O-O Ne7 11. Ne2 Ng6 12. c3 Be7 13. Ng3 h6 14. a5 Rb8 15. Qc2
Qd8 16. Nd2 Rc8 17. f4 Nh4 18. Nf3 f5 19. exf6 Nxf3+ 20. Rxf3 Bxf6 21. Qg6+ Kf8
22. Qc2 Qe7 23. Nh5 Ke8 24. Qg6+ Kd8 25. Nxf6 Qxf6 26. Rg3 Qxg6 27. Rxg6 Rh7
28. Rf1 Ke7 29. h4 Rc6 30. Rg3 Rc8 31. Rgf3 Rf8 32. h5 Be8 33. g4 Bd7 34. f5
exf5 35. gxf5 Be8 36. Rh3 Bd7 37. Rhf3 Be8 1/2-1/2

[Event "Open ASR"]
[Site "Roma ITA"]
[Date "2011.09.16"]
[Round "2"]
[White "Pardo, Paolo"]
[Black "Tosi, Francesco"]
[Result "1/2-1/2"]
[WhiteElo "1748"]
[BlackElo "1910"]
[PlyCount "119"]
[EventDate "2011.09.15"]

1. e4 c5 2. Nf3 Nf6 3. e5 Nd5 4. c3 d6 5. d4 cxd4 6. cxd4 e6 7. Bc4 Nc6 8. O-O
Be7 9. Re1 Nb6 10. Bb5 a6 11. Bd3 Bd7 12. Nc3 d5 13. Be3 Rc8 14. a3 Na5 15. Nd2
Nac4 16. Nxc4 Nxc4 17. Qe2 b5 18. Rac1 Qb6 19. Bxc4 bxc4 20. f4 g6 21. g4 Rb8
22. Rb1 Qc6 23. Qg2 Rg8 24. Qf3 Kd8 25. Kh1 Kc7 26. f5 Rb3 27. Bd2 gxf5 28.
gxf5 Rgb8 29. f6 Bd8 30. Bc1 Kb7 31. Qh5 Ka7 32. Ra1 Be8 33. Qxh7 Ba5 34. Re3
Bb6 35. Qh4 Ka8 36. Rg3 Bc7 37. Qf4 Qb7 38. Rg2 Qa7 39. h4 Bb6 40. Rd2 Ba5 41.
Rc2 Bc6 42. h5 Bb6 43. Rd2 Rh8 44. h6 Ba5 45. Rc2 Rbb8 46. Rg2 Qb7 47. Qe3 Qb3
48. Kh2 Rbg8 49. Rxg8+ Rxg8 50. Qd2 Bc7 51. Qd1 Qb8 52. Qh5 Ka7 53. Qxf7 Ka8
54. Qxe6 Bb7 55. Nxd5 Ka7 56. Nxc7 Rg2+ 57. Kh3 Bc8 58. Kxg2 Bxe6 59. Nxe6 Qb7+
60. Kf2 1/2-1/2

[Event "Open ASR"]
[Site "Roma ITA"]
[Date "2011.09.16"]
[Round "2"]
[White "Prudenzano, Ruggero"]
[Black "Bolla, Vittorio"]
[Result "1-0"]
[WhiteElo "1927"]
[BlackElo "1761"]
[PlyCount "83"]
[EventDate "2011.09.15"]

1. d4 Nf6 2. Nf3 c5 3. c4 e6 4. Nc3 d5 5. Bg5 dxc4 6. d5 Be7 7. e4 Nxd5 8. exd5
Bxg5 9. Bxc4 Bf6 10. O-O O-O 11. Ne4 exd5 12. Bxd5 Nc6 13. Bxc6 bxc6 14. Qc2
Bf5 15. Nxf6+ Qxf6 16. Qxc5 Be4 17. Nd2 Bd5 18. Qc2 Rfe8 19. Rfe1 Qg5 20. f3
Re3 21. Kh1 Rae8 22. Rxe3 Qxe3 23. Nf1 Qe5 24. Rc1 h5 25. h3 h4 26. Qf2 Qf4 27.
Re1 Rxe1 28. Qxe1 Bxa2 29. Qe8+ Kh7 30. Qxc6 Qc4 31. Qxc4 Bxc4 32. Ne3 Be6 33.
Kg1 Kg8 34. f4 f5 35. Kf2 g6 36. Nc2 Kf7 37. Ne1 Bd5 38. Nd3 Kf6 39. Ne1 g5 40.
Ke3 g4 41. Kd4 Be4 42. hxg4 1-0

[Event "Open ASR"]
[Site "Roma ITA"]
[Date "2011.09.16"]
[Round "2"]
[White "Quimi, Marco"]
[Black "Castellano, Lorenzo"]
[Result "1-0"]
[WhiteElo "2188"]
[BlackElo "1872"]
[PlyCount "151"]
[EventDate "2011.09.15"]

1. e4 c5 2. Nf3 d6 3. d4 cxd4 4. Nxd4 Nf6 5. Nc3 a6 6. g3 e5 7. Nb3 Be6 8. Bg2
Nbd7 9. O-O Qc7 10. a4 Be7 11. h3 Nc5 12. g4 h6 13. a5 b5 14. axb6 Qxb6 15.
Nxc5 Qxc5 16. Na4 Qc6 17. Re1 Rd8 18. Nc3 g5 19. Nd5 Bxd5 20. exd5 Qb7 21. Re3
Rc8 22. Rb3 Qc7 23. Rc3 Qb7 24. Rxc8+ Qxc8 25. Qd3 O-O 26. Rxa6 Nd7 27. b4 Qb7
28. c3 Rc8 29. Rc6 Ra8 30. Be3 e4 31. Qxe4 Ne5 32. Bd4 Nxc6 33. dxc6 Qc7 34.
Qd5 Ra1+ 35. Bf1 Rd1 36. b5 Qa5 37. Qc4 Bd8 38. b6 Rxd4 39. Qxd4 Bxb6 40. Qxd6
Bc7 41. Qxh6 Qe5 42. Bd3 Qg7 43. Qh5 Bb6 44. h4 gxh4 45. Qxh4 Qxc3 46. Qh7+ Kf8
47. Qe4 Qd2 48. Qf5 Qc1+ 49. Kg2 Qxc6+ 50. Be4 Qe6 51. Qf3 Kg7 52. Bd5 Qf6 53.
Qg3 Bd4 54. f4 Qd6 55. Qf3 Qb4 56. Be4 Qd2+ 57. Kg3 Bg1 58. g5 Bh2+ 59. Kg4 Qe1
60. Qg2 Qg1 61. Qxg1 Bxg1 62. Kf5 Be3 63. Bd5 Bd2 64. Be4 Bc1 65. Ke5 Bb2+ 66.
Kd6 Bc1 67. Ke5 Bb2+ 68. Kf5 Bc1 69. Bf3 Bd2 70. Bh5 Be3 71. Kg4 Bd2 72. f5 f6
73. g6 Bg5 74. Kf3 Kf8 75. Ke4 Ke7 76. g7 1-0

[Event "Open ASR"]
[Site "Roma ITA"]
[Date "2011.09.16"]
[Round "2"]
[White "Ricci, Stefano"]
[Black "Wollenweber, Carsten"]
[Result "0-1"]
[WhiteElo "1792"]
[BlackElo "2112"]
[PlyCount "70"]
[EventDate "2011.09.15"]

1. d4 b5 2. e4 Bb7 3. f3 a6 4. c4 bxc4 5. Bxc4 e6 6. Be3 Nf6 7. Nc3 Be7 8. Qb3
Nc6 9. Bd3 Rb8 10. a3 d6 11. Nge2 O-O 12. O-O Re8 13. Qc2 Qc8 14. Rac1 Bd8 15.
Bg5 h6 16. Be3 Nd7 17. f4 Nf6 18. f5 Ne7 19. fxe6 Qxe6 20. Nf4 Qd7 21. Rce1 Ng4
22. e5 dxe5 23. dxe5 Nxe5 24. Bh7+ Kh8 25. Ba7 Ra8 26. Rxe5 Rxa7 27. Rd1 Qg4
28. Rd4 Qc8 29. Ng6+ fxg6 30. Bxg6 Rf8 31. Rh5 Qe6 32. Be4 Qb6 33. Ne2 Bxe4 34.
Qxe4 Nc6 35. Rhd5 Nxd4 0-1

[Event "Open ASR"]
[Site "Roma ITA"]
[Date "2011.09.16"]
[Round "2"]
[White "Valenti, Marco"]
[Black "Zarfati, Daniele"]
[Result "1-0"]
[WhiteElo "1685"]
[BlackElo "1577"]
[PlyCount "65"]
[EventDate "2011.09.15"]

1. e4 e6 2. d4 d5 3. Nd2 c5 4. exd5 exd5 5. dxc5 Bxc5 6. Nb3 Bb6 7. Nf3 Nf6 8.
Bg5 Qd6 9. Bb5+ Nc6 10. Qe2+ Ne4 11. Bh4 O-O 12. O-O-O Bf5 13. Nfd4 Qf4+ 14.
Kb1 Nxd4 15. Nxd4 Bxd4 16. Rxd4 Qxh4 17. f3 Qf6 18. fxe4 Qxd4 19. exf5 Rac8 20.
Rd1 Qc5 21. Bd3 Rc6 22. g4 Qd4 23. Bb5 Qc5 24. Bxc6 bxc6 25. f6 Rb8 26. fxg7 a5
27. h4 d4 28. Qd3 Qb4 29. Qxd4 Qb5 30. a4 Qb7 31. b3 Qe7 32. Qd6 Qb7 33. h5 1-0

[Event "Open ASR"]
[Site "Roma ITA"]
[Date "2011.09.29"]
[Round "3"]
[White "Andreozzi, Paolo"]
[Black "Prudenzano, Ruggero"]
[Result "0-1"]
[WhiteElo "1720"]
[BlackElo "1927"]
[PlyCount "94"]
[EventDate "2011.09.15"]

1. d4 Nf6 2. c4 c5 3. d5 b5 4. cxb5 a6 5. bxa6 Bxa6 6. Nc3 g6 7. g3 Bg7 8. Bg2
d6 9. Nf3 O-O 10. O-O Nbd7 11. Re1 Qb6 12. Qb3 Qc7 13. Nd2 Rfb8 14. Qc2 Ng4 15.
b3 Qa5 16. Bb2 c4 17. Nce4 Nde5 18. Bc3 Qb6 19. h3 Nh6 20. b4 Nf5 21. Qb2 Bb5
22. Kf1 Ra4 23. a3 Qc7 24. Ra2 e6 25. dxe6 fxe6 26. Ng5 Bd7 27. Be4 Rf8 28.
Ndf3 h6 29. g4 hxg5 30. gxf5 gxf5 31. Nxe5 Bxe5 32. Bxe5 dxe5 33. Bg2 c3 34.
Qc1 f4 35. Qc2 Be8 36. Rc1 Qc4 37. Be4 Ra7 38. Bd3 Qd5 39. Be4 Qd4 40. Rd1 Ba4
41. Rxd4 Bxc2 42. Rd3 Bxd3 43. exd3 Rb8 44. d4 exd4 45. Re2 Rxa3 46. Bd3 c2 47.
Bxc2 d3 0-1

[Event "Open ASR"]
[Site "Roma ITA"]
[Date "2011.09.29"]
[Round "3"]
[White "Bolla, Vittorio"]
[Black "Marelli, Emanuele"]
[Result "1/2-1/2"]
[WhiteElo "1761"]
[BlackElo "1554"]
[PlyCount "54"]
[EventDate "2011.09.15"]

1. e4 e6 2. d4 d5 3. Nd2 c5 4. exd5 exd5 5. Bb5+ Bd7 6. Qe2+ Qe7 7. Bxd7+ Nxd7
8. dxc5 Qxe2+ 9. Nxe2 Bxc5 10. Nb3 O-O-O 11. Nxc5 Nxc5 12. Be3 b6 13. O-O-O Ne6
14. Nc3 d4 15. Nb5 dxe3 16. Nd6+ Rxd6 17. Rxd6 e2 18. Re1 Kc7 19. Rd3 Nf6 20.
Rxe2 Kb8 21. g3 h5 22. h4 Rc8 23. b3 Kb7 24. Kb2 Rc7 25. f3 Nc5 26. Rd6 Ne6 27.
Red2 Nc5 1/2-1/2

[Event "Open ASR"]
[Site "Roma ITA"]
[Date "2011.09.29"]
[Round "3"]
[White "Castellano, Lorenzo"]
[Black "Sacco, Davide"]
[Result "1/2-1/2"]
[WhiteElo "1872"]
[BlackElo "1641"]
[PlyCount "92"]
[EventDate "2011.09.15"]

1. e4 c5 2. Nf3 d6 3. Bb5+ Bd7 4. Bxd7+ Nxd7 5. O-O Ngf6 6. Re1 e5 7. c3 Be7 8.
d4 cxd4 9. cxd4 Qc7 10. Nc3 a6 11. a4 O-O 12. Bg5 Rac8 13. Rc1 Qb8 14. Qe2 Rfe8
15. Qd2 Bf8 16. h3 h6 17. Be3 b5 18. axb5 axb5 19. Qd3 b4 20. Ne2 Rxc1 21. Bxc1
Qb7 22. Ng3 exd4 23. Qxd4 Ne5 24. Nf5 Nxf3+ 25. gxf3 Re6 26. Bd2 b3 27. Kh2 Kh7
28. Qd3 Kh8 29. Nd4 Re5 30. Qxb3 Qxb3 31. Nxb3 Rb5 32. Re3 Nd7 33. Bc1 Nc5 34.
Nxc5 Rxc5 35. Rc3 Rxc3 36. bxc3 f6 37. Ba3 Kg8 38. f4 g6 39. Kg3 Kf7 40. Kf3
Ke6 41. Ke3 Bg7 42. Kd3 h5 43. f5+ gxf5 44. exf5+ Ke5 45. c4 Bf8 46. f4+ Kxf5
1/2-1/2

[Event "Open ASR"]
[Site "Roma ITA"]
[Date "2011.09.29"]
[Round "3"]
[White "Fargnoli, Maurizio"]
[Black "Condemi De Felice, Alfonso"]
[Result "0-1"]
[WhiteElo "1660"]
[BlackElo "1878"]
[PlyCount "68"]
[EventDate "2011.09.15"]

1. e4 g6 2. d4 Bg7 3. Nf3 d6 4. h3 Nf6 5. Bd3 Nc6 6. c3 e5 7. Be3 O-O 8. O-O
Re8 9. Nbd2 a6 10. Rc1 b5 11. Nh2 Bb7 12. d5 Ne7 13. Ng4 Nxg4 14. hxg4 c6 15.
dxc6 Bxc6 16. f4 exf4 17. Bxf4 d5 18. Qf3 Nc8 19. exd5 Qxd5 20. Be4 Rxe4 21.
Nxe4 Qxe4 22. Qf2 Qe8 23. Qc5 Bf8 24. Qf2 Ra7 25. Rce1 Re7 26. Be3 Nd6 27. Bd4
f5 28. gxf5 Nxf5 29. Bc5 Rxe1 30. Rxe1 Qf7 31. Rd1 Bxc5 32. Qxc5 Qe8 33. Kh2
Bxg2 34. Kxg2 Qe2+ 0-1

[Event "Open ASR"]
[Site "Roma ITA"]
[Date "2011.09.29"]
[Round "3"]
[White "Piatto, Maurizio"]
[Black "Di Dario, Dario"]
[Result "0-1"]
[WhiteElo "1522"]
[BlackElo "1713"]
[PlyCount "60"]
[EventDate "2011.09.15"]

1. e4 c5 2. Nf3 Nc6 3. c3 e6 4. Na3 d5 5. exd5 exd5 6. Be2 Nf6 7. O-O Bd6 8.
Re1 O-O 9. Nc2 Qc7 10. d4 Ng4 11. g3 c4 12. Ne3 Nxe3 13. Bxe3 f5 14. Qc2 f4 15.
Bd2 Bf5 16. Qc1 fxg3 17. fxg3 Bxg3 18. Bf1 Bxe1 19. Qxe1 Rae8 20. Qh4 Re4 21.
Qf2 Rg4+ 22. Kh1 Be4 23. Bg2 Qf7 24. Rf1 Rg6 25. Qh4 Rxg2 26. Kxg2 Bxf3+ 27.
Kg3 Qg6+ 28. Bg5 Ne7 29. Rxf3 Nf5+ 30. Rxf5 Rxf5 0-1

[Event "Open ASR"]
[Site "Roma ITA"]
[Date "2011.09.29"]
[Round "3"]
[White "Ricci, Stefano"]
[Black "Federici, Giacomo"]
[Result "1-0"]
[WhiteElo "1792"]
[BlackElo "1236"]
[PlyCount "67"]
[EventDate "2011.09.15"]

1. e4 d6 2. d4 e6 3. Nf3 h6 4. Be3 Nf6 5. e5 Ng4 6. exd6 Nxe3 7. fxe3 Bxd6 8.
c4 O-O 9. Bd3 Re8 10. c5 Be7 11. O-O Bg5 12. Qe2 Nc6 13. a3 e5 14. d5 e4 15.
Bxe4 Rxe4 16. Nxg5 Qxg5 17. dxc6 Bg4 18. cxb7 Rb8 19. Qf2 Qe7 20. Nc3 Re5 21.
c6 Be6 22. e4 a6 23. Qa7 Qe8 24. Nd5 Qd8 25. Rad1 Bxd5 26. exd5 Kh7 27. Rxf7
Qe8 28. Qf2 Rd8 29. Rd7 Rb8 30. Rxc7 Re2 31. Qf5+ Kg8 32. Rf1 Qe3+ 33. Kh1 Qe4
34. Qf7+ 1-0

[Event "Open ASR"]
[Site "Roma ITA"]
[Date "2011.09.29"]
[Round "3"]
[White "Sinibaldi, Francesco"]
[Black "Dorascenzi, Angelo"]
[Result "0-1"]
[WhiteElo "1413"]
[BlackElo "1428"]
[PlyCount "47"]
[EventDate "2011.09.15"]

1. c4 Nf6 2. Nc3 c5 3. g3 e6 4. Bg2 d5 5. cxd5 exd5 6. e3 Be7 7. Nge2 d4 8.
exd4 cxd4 9. Nb5 Bc5 10. Qc2 Qb6 11. Qd3 O-O 12. Nbxd4 Rd8 13. Qb5 Bxd4 14.
Nxd4 Rxd4 15. Qxb6 axb6 16. O-O Nc6 17. a3 Be6 18. Re1 Bd5 19. Bf1 Ne4 20. d3
Nc5 21. Be3 Nxd3 22. Red1 Nce5 23. Bxd4 Nf3+ 24. Kg2 0-1